LEADER 00973nam0-2200337---450- 001 990009554390403321 005 20120404135917.0 010 $a978-88-387-6527-8 035 $a000955439 035 $aFED01000955439 035 $a(Aleph)000955439FED01 035 $a000955439 100 $a20120404d2011----km-y0itay50------ba 101 0 $aita 102 $aIT 105 $a--------001yy 200 1 $aBiomasse ed energia$eproduzione, gestione e processi di trasformazione$fa cura di Silvana Castelli 210 $asantarcangelo di Romagna$cmaggioli editore$d2011 215 $a218 p.$cill$d24 cm 225 1 $aAmbiente e Territorio$v110 610 0 $aEnergie alternative 610 0 $aBiomassa 676 $a601.402 700 1$aCastelli,$bSilvana$0516018 801 0$aIT$bUNINA$gRICA$2UNIMARC 901 $aBK 912 $a990009554390403321 952 $a13 F 35 33$b17642$fFINBC 959 $aFINBC 996 $aBiomasse ed energia$9853979 997 $aUNINA LEADER 01064nam0-2200337---450- 001 990005654120403321 005 20071127120348.0 035 $a000565412 035 $aFED01000565412 035 $a(Aleph)000565412FED01 035 $a000565412 100 $a19990604d1924----km-y0itay50------ba 101 1 $alat$cita 102 $aIT 105 $ay-------001cy 200 1 $aEtica$fBenedetto Spinoza$gparti 1. e 2. ed estratti dalle parti 3., 4. e 5. con introduzione commento e nota bibliografica a cura di Augusto Guzzo 210 $aFirenze$cVallecchi$d1924 215 $a230 p.$d20 cm 225 1 $aTesti filosofici commentati 610 0 $aSpinoza, Benedictus : de 676 $a199.492$v21$zita 676 $a170$v21$zita 700 1$aSpinoza,$bBenedictus de$f<1632-1677>$0290685 702 1$aGuzzo,$bAugusto 801 0$aIT$bUNINA$gRICA$2UNIMARC 901 $aBK 912 $a990005654120403321 952 $aP.1 6V SPIN 9$bIst. st. fil. 2006$fFLFBC 959 $aFLFBC 996 $aEthica ordine geometrico demonstrata$917667 997 $aUNINA LEADER 01294nam--2200397---450- 001 990003462730203316 005 20101102093132.0 010 $a978-88-387-5317-2 035 $a000346273 035 $aUSA01000346273 035 $a(ALEPH)000346273USA01 035 $a000346273 100 $a20101102d2009----km-y0itay50------ba 101 $aita 102 $aIT 105 $a||||||||001yy 200 1 $aConferimenti d'azienda$easpetti economici, civilistici, contabili, fiscali e valutativi$fRoberto Moro Visconti$eaggiornato con il D.Lgs. 4 agosto 2008 n. 142 205 $a2. ed. 210 $aSantarcangelo di Romagna$cMaggioli$d2009 215 $a450 p.$d24 cm 225 2 $aProfessionisti & Imprese$v111 410 0$12001$aProfessionisti & Imprese$v, 111$iLavoro 454 1$12001 461 1$1001-------$12001 606 0 $aSocietà commerciali$xConferimenti$xLegislazione$2BNCF 676 $a346.45066 700 1$aMORO VISCONTI,$bRoberto$0105248 801 0$aIT$bsalbc$gISBD 912 $a990003462730203316 951 $aXXV.3.E. 557$b18516 EC.$cXXV.3.E.$d00283698 959 $aBK 969 $aGIU 979 $aFIORELLA$b90$c20101102$lUSA01$h0928 979 $aFIORELLA$b90$c20101102$lUSA01$h0931 996 $aConferimenti d'azienda$91111784 997 $aUNISA